Anciennes sous préfectures - Statistiques

Statistiques générales
  • Ce quiz a été pris 166 fois
  • Le résultat moyen est 9 sur 83
Statistiques - réponses
Département Sous Préfectures % Correct
Saint Affrique
31%
Loire Atlantique (44) Ancenis
27%
Alpes de Haute Provence (04) Sisteron
27%
Alpes (Hautes) (05) Embrun
24%
Marne (51) Sainte Menehould
24%
Tarn et Garonne (82) Moissac
20%
Vaucluse (84) Orange
20%
Aude (11) Castelnaudary
19%
Lozère (48) Marvejols
18%
Wissembourg
18%
Rhin (Haut) (68) Guebwiller
16%
Drome (26) Montélimar
16%
Orthez
16%
Ribeauvillé
16%
Vitré
16%
Calvados (14) Falaise
15%
Finistère (29) Quimperlé
15%
Remiremont
15%
Gard (30) Uzès
15%
Tarn (81) Gaillac
14%
Gers (32) Lectoure
14%
Sèvres (Deux) (79) Melle
14%
Ardennes (07) Rocroi
14%
Yvetot
14%
Bar sur Seine
12%
Moselle (57) Boulay Moselle
12%
Allier (03) Gannat
12%
Saône (Haute) (70) Gray
12%
Lavaur
12%
Loudun
12%
Morbihan (56) Ploërmel
12%
Creuse (23) Bourganeuf
11%
Chateau Salins
11%
Ruffec
11%
Côte d'Or (21) Chatillon sur Seine
9%
Seine et Marne (77) Coulommiers
9%
Aveyron (12) Espalion
9%
Loiret (45) Gien
9%
Nord (59) Hazebrouck
9%
Lombez
9%
Pont l'Evêque
9%
Tonnerre
9%
Ain (01) Trévoux
9%
Gironde (33) Bazas
8%
Boussac
8%
Yonne (89) Joigny
8%
Côtes d'Armor (22) Loudéac
8%
Eure (27) Louviers
8%
Cantal (15) Murat
8%
Jura (39) Poligny
8%
Pont Audemer
8%
Vienne (Haute) (87) Saint Yrieix la Perche
8%
Cher (18) Sancerre
8%
Aube (10) Arcis sur Aube
7%
Charente (16) Barbezieux Saint Hilaire
7%
Doubs (25) Baume les Dames
7%
Orne (61) Domfront
7%
Rhin (Bas) (67) Erstein
7%
Savoie (73) Moutiers
7%
Dordogne (24) Ribérac
7%
Landes (40) Saint Sever
7%
Semur en Auxois
7%
Vienne (86) Civray
5%
Charente Maritime (17) Marennes
5%
Pyrenées Atlantiques (64) Mauléon Licharre
5%
Vosges (88) Mirecourt
5%
Loire (Haute) (43) Monistrol sur Loire
5%
Vendée (85) Montaigu
5%
Valognes
5%
Alpes Maritimes (06) Puget Théniers
4%
Hérault (34) Saint Pons
4%
Maine et Loire (49) Baugé
3%
Somme (80) Doullens
3%
La Réole
3%
Seine Maritime (76) Neufchâtel en Bray
3%
Paimboeuf
3%
Isère (38) Saint Marcellin
3%
Pas de Calais (62) Saint Pol sur Ternoise
3%
Garonne (Haute) (31) Villefranche de Lauraguais
3%
Marne (Haute) (52) Wassy
3%
Ile et Vilaine (35) Montfort sur Meu
1%
Manche (50) Mortain
1%
Sarthe (72) Saint Calais
1%
Aucun quiz correspondant
Distribution des résultats
% des personnes avec chaque résultat
Percentile par nombre de réponses
Votre historique - résultats
Vous n’avez pas pris ce quiz